| 000 | 00786nam a2200229Ia 4500 | ||
|---|---|---|---|
| 003 | OSt | ||
| 005 | 20220923212710.0 | ||
| 006 | a|||||r|||| 00| 0 | ||
| 007 | ta | ||
| 008 | 220922b |||||||| |||| 00| 0 hin d | ||
| 024 | _a155,399 | ||
| 037 | _cTextual | ||
| 040 |
_aARTS _cARTS _bhin |
||
| 041 |
_2hin _ahin |
||
| 082 | _aO15,2D40,3:g, 152J6 | ||
| 100 | _aराय, द्विवेन्द्रलाल | ||
| 245 | 0 | _aकालिदास और भवभूति, अनु रूपनारायण पांडेय | |
| 246 | _aKālidās aur bhavabhūti, anu0 rūpanārāyaṇ pāanḍeya | ||
| 260 | _c1956 | ||
| 942 |
_hO15,2D40,3:g, 152J6 _cTEXL _2CC |
||
| 999 |
_c310930 _d310930 |
||